| 000 -NÁVESTIE |
| fixed length control field |
00614nam a2200217 a 4500 |
| 008 - ÚDAJE S PEVNOU DĹŽKOU – VŠEOBECNÉ INFORMÁCIE |
| fixed length control field |
980612s1998 xo aap r yy 0 slo c |
| 020 ## - MEDZINÁRODNÉ ŠTANDARDNÉ ČÍSLO KNIHY (ISBN) |
| Medzinárodné štandardné číslo knihy (ISBN) |
808882477X |
| Údaje o dostupnosti |
Dar |
| 040 ## - ZDROJ KATALOGIZÁCIE |
| Pôvodná katalogizujúca agentúra |
SNK |
| Jazyk katalogizácie |
slo |
| Prepisujúca agentúra |
SNK |
| Konvencie popisu |
AACR2 |
| 041 1# - KÓD JAZYKA |
| Kód jazyka textu/zvukovej stopy alebo samostatných nápisov |
slo |
| -- |
cze |
| 044 ## - KÓD KRAJINY VYDAVATEĽA/PRODUCENTA |
| Kód krajiny MARC |
xo |
| Kód krajiny ISO |
SK |
| 080 ## - ČÍSLO MEDZINÁRODNÉHO DESATINNÉHO TRIEDENIA (MDT) |
| Číslo Medzinárodného desatinného triedenia (MDT) |
616-053.2:616.91 |
| 080 ## - ČÍSLO MEDZINÁRODNÉHO DESATINNÉHO TRIEDENIA (MDT) |
| Číslo Medzinárodného desatinného triedenia (MDT) |
616.91 |
| 245 10 - NÁZOV |
| Názov |
Horúčka a jej liečba u detí |
| Údaj o zodpovednosti atď. |
Ján Buchanec a kolektív |
| 260 ## - VYDAVATEĽSKÉ ÚDAJE, DISTRIBÚCIA ATĎ. |
| Miesto publikovania, distribúcie atď. |
Martin |
| Názov vydavateľa, distibútora atď. |
Osveta |
| Dátum publikovania, distribúcie atď. |
c1998 |
| 300 ## - FYZICKÝ POPIS |
| Rozsah |
79 s. |
| Ďalšie fyzické detaily |
fotogr., sch., tab. |
| Rozmery |
21 cm |
| 500 ## - VŠEOBECNÁ POZNÁMKA |
| Formátovaná poznámka o obsahu |
Čiast. text čes. |
| 504 ## - |
| -- |
Bibliogr. odkazy |
| 650 07 - PRIDANÝ VSTUP – PREDMET – TEMATICKÉ HESLO |
| Tematické heslo alebo geografický názov ako vstupný prvok |
horúčky |
| Všeobecný pododdiel |
deti |
| -- |
liečba |
| Zdroj hesla alebo termínu |
SNK |
| 700 1# - PRIDANÝ VSTUP – OSOBNÉ MENO |
| Osobné meno |
Buchanec, Ján |
| Kód roly |
aut |
| 958 ## - Formálny deskriptor |
| Formálny deskriptor |
APP |